| 000 | 02490namaa2200421uu 4500 | ||
|---|---|---|---|
| 001 | doab28729 | ||
| 003 | oapen | ||
| 005 | 20260305123946.0 | ||
| 006 | m o d | ||
| 007 | cr|mn|---annan | ||
| 008 | 210210s2017 xx |||||o ||| 0|eng d | ||
| 040 |
_aoapen _coapen |
||
| 041 | 0 | _aeng | |
| 042 | _adc | ||
| 072 | 7 |
_aK _2bicssc |
|
| 720 | 1 |
_aBouwens, Bram _4edt |
|
| 245 | 0 | 0 |
_aIndustries and Global Competition _bA History of Business Beyond Borders |
| 260 |
_bTaylor & Francis _c2017 |
||
| 300 | _a1 online resource (274 p.) | ||
| 336 |
_atext _btxt _2rdacontent |
||
| 337 |
_acomputer _bc _2rdamedia |
||
| 338 |
_aonline resource _bcr _2rdacarrier |
||
| 506 | 0 |
_aFree-to-read _fUnrestricted online access _2star |
|
| 520 | _aChanges in the dynamics of economic activities since the last decades of the 20th century have yielded major changes in the composition of industries and the division of labor and production across different regions of the world. Despite these shifts in the global economy, some industries have remained competitive even without relocating their operations overseas. Industries and Global Competition examines how and why the specificities of certain industries and firms determined their choice of location and competitiveness. This volume identifies the major drivers of this process and explains why some firms and industries moved to other parts of world while others did not. Relocation was not the sole determinant of the success or failure of firms and industries. Indeed some were able to reinvent themselves at their original location and build new competitive advantages. The path that each industry or firm took varied. This book argues that the specific characteristics of each industry defined the conditions of competitiveness and provide a wide range of cases as illustrations. | ||
| 540 |
_aAll rights reserved _uhttp://oapen.org/content/about-rights |
||
| 546 | _aEnglish | ||
| 650 | 7 |
_aEconomics, Finance, Business and Management _2bicssc |
|
| 653 | _aEconomics | ||
| 653 | _aFinance | ||
| 653 | _athema EDItEUR::K Economics, Finance, Business and Management | ||
| 720 | 1 |
_aBouwens, Bram _4oth |
|
| 720 | 1 |
_aDonzé, Pierre-Yves _4edt |
|
| 720 | 1 |
_aDonzé, Pierre-Yves _4oth |
|
| 720 | 1 |
_aKurosawa, Takafumi _4edt |
|
| 720 | 1 |
_aKurosawa, Takafumi _4oth |
|
| 793 | 0 | _aDOAB Library. | |
| 856 | 4 | 0 |
_uhttps://directory.doabooks.org/handle/20.500.12854/28729 _70 _zFree-to-read: DOAB: description of the publication |
| 999 |
_c92686 _d92686 |
||